Developments in applied psycholinguistics research / (Record no. 1602)
[ view plain ]
| 000 -LEADER | |
|---|---|
| fixed length control field | 01038cam a22002771 4500 |
| 001 - CONTROL NUMBER | |
| control field | 1602 |
| 003 - CONTROL NUMBER IDENTIFIER | |
| rucl marc code | BD-RjUL |
| 005 - DATE AND TIME OF LATEST TRANSACTION | |
| control field | 20211208233352.0 |
| 008 - FIXED-LENGTH DATA ELEMENTS--GENERAL INFORMATION | |
| fixed length control field | 131208s1968 nyua b 001 0 eng |
| 035 ## - SYSTEM CONTROL NUMBER | |
| System control number | (BD-RjUL)1629 |
| 040 ## - CATALOGING SOURCE | |
| Original cataloging agency | DLC |
| Transcribing agency | DLC |
| Modifying agency | DLC |
| -- | InU |
| -- | DLC |
| -- | BD-RjUL |
| Language of cataloging | eng |
| 041 ## - LANGUAGE CODE | |
| Language code of text/sound track or separate title | eng |
| 082 00 - DEWEY DECIMAL CLASSIFICATION NUMBER | |
| Classification number | 152.3842 |
| Edition number | 16 |
| Author mark and year | DEV 1968 |
| 245 00 - TITLE STATEMENT | |
| Title | Developments in applied psycholinguistics research / |
| Statement of responsibility, etc. | Edited by Sheldon Rosenberg and James H. Koplin. |
| 260 ## - PUBLICATION, DISTRIBUTION, ETC. (IMPRINT) | |
| Place of publication, distribution, etc. | New York : |
| Name of publisher, distributor, etc. | Macmillan, |
| Date of publication, distribution, etc. | c1968 |
| 300 ## - PHYSICAL DESCRIPTION | |
| Pagination | vii, 311 p. |
| Illustrations | ill. |
| Size | 22 cm. |
| 500 ## - GENERAL NOTE | |
| General note | Based on papers read at a summer institute in psycholinguistics sponsored by the Department of Psychology of George Peabody College for Teachers. |
| 504 ## - BIBLIOGRAPHY, ETC. NOTE | |
| Bibliography, etc | Includes bibliographiesand index |
| 650 #0 - SUBJECT ADDED ENTRY--TOPICAL TERM | |
| Topical term or geographic name as entry element | Psycholinguistics. |
| 9 (RLIN) | 5297 |
| 700 1# - ADDED ENTRY--PERSONAL NAME | |
| Personal name | Rosenberg, Sheldon, |
| Relator term | ed. |
| Personal name | Koplin, James H., |
| Relator term | ed. |
| 710 2# - ADDED ENTRY--CORPORATE NAME | |
| Corporate name or jurisdiction name as entry element | George Peabody College for Teachers |
| Subordinate unit | Department of Psychology |
| 9 (RLIN) | 5300 |
| 942 ## - ADDED ENTRY ELEMENTS (KOHA) | |
| Source of classification or shelving scheme | Dewey Decimal Classification |
| Koha item type | Books |
| Lost status | Source of classification or shelving scheme | Damaged status | Not for loan | Collection code | Permanent Location | Current Location | Shelving location | Date acquired | Source of acquisition | Cost, normal purchase price | Total Checkouts | Full call number | Date last seen | Copy number | Koha item type |
|---|---|---|---|---|---|---|---|---|---|---|---|---|---|---|---|
| Dewey Decimal Classification | Not For Loan | Non-fiction | Central Library, University of Rajshahi | Central Library, University of Rajshahi | Reading Room | 05/08/1971 | zeitlinger | 89.00 | 152.3842 DEV 1968 | 08/12/2013 | C-1 | Books |